000 00301nam a22001337a 4500
008 181029b xxu||||| |||| 00| 0 eng d
020 _a9780393912500
041 _aeng
080 _a821
100 _a25
101 _aGJU
245 _aThe Norton Anthology LIterature
_cStepen.A
942 _2udc
_cBK
999 _c50981
_d50981